Klavierwerke œuvre pour piano / piano works. Drei intermezzi Op. 117. Piano solo.
Guardat en:
| Autor principal: | |
|---|---|
| Altres autors: | |
| Format: | Partitura Llibre |
| Idioma: | anglès |
| Publicat: |
Wien, Austria:
Universal Edition,
[199?].
|
| Edició: | Nouvelle révision. |
| Matèries: | |
| Etiquetes: |
Afegir etiqueta
Sense etiquetes, Sigues el primer a etiquetar aquest registre!
|
MARC
| LEADER | 00000ncm a22000007a 4500 | ||
|---|---|---|---|
| 003 | CL-VaPUC | ||
| 005 | 20240717093446.0 | ||
| 008 | 240702b ||||| |||| 00| 0 eng d | ||
| 999 | |c 444087 |d 444085 | ||
| 040 | |c Pontificia Universidad Católica de Valparaíso | ||
| 082 | |2 22 |a Pn786.2 BRA [199?] | ||
| 100 | |9 327214 |a Brahms, Johannes |e author | ||
| 245 | |a Klavierwerke œuvre pour piano / piano works. Drei intermezzi Op. 117. |b Piano solo. | ||
| 250 | |a Nouvelle révision. | ||
| 260 | |a Wien, Austria: |b Universal Edition, |c [199?]. | ||
| 300 | |a 1 partitura (12 páginas). | ||
| 583 | |c 20240702 |k Yessy Sthefany Diaz Vidal | ||
| 600 | 1 | 7 | |9 606606 |a Brahms, Johannes, |d 1833-1897 |x Compositor alemán |
| 650 | 0 | |9 306528 |a Música para piano |x Interludios |y Siglo 19 | |
| 650 | 0 | |9 459511 |a Música alemana |y Siglo 19 | |
| 700 | |9 889804 |a Steuermann, Eduard |e revidiert | ||
| 942 | |2 ddc |c BK |n 0 | ||
| 952 | |0 0 |1 0 |2 ddc |4 0 |6 PN_786_200000000000000_BRA_199 |7 0 |8 A |9 595268 |a BIBEDU |b BIBEDU |c RES |d 2024-07-02 |i 5661668 |o Pn786.2 BRA [199?] |p 5661668 |r 2024-07-02 |t 1 |w 2024-07-02 |y PA |k MUS | ||